Historia del Reino de Asturias (Record no. 70448)

MARC details
000 -LEADER
campo de control de longitud fija 00537nam a2200169 i 4500
001 - NÚMERO DE CONTROL
campo de control 70448
003 - IDENTIFICADOR DE NÚMERO DE CONTROL
campo de control ES-MaACL
007 - CAMPO FIJO DE DESCRIPCIÓN FÍSICA--INFORMACIÓN GENERAL
campo de control de longitud fija t|
008 - DATOS DE LONGITUD FIJA--INFORMACIÓN GENERAL
campo de control de longitud fija 040726s1986 sp ||||1| spa d
020 ## - NÚMERO INTERNACIONAL ESTÁNDAR DEL LIBRO
Número Internacional Estándar del Libro 84-398-6586-4
100 1# - ENTRADA PRINCIPAL--NOMBRE DE PERSONA
Nombre de persona García Toraño, Paulino.
9 (RLIN) 55333
245 10 - MENCIÓN DEL TÍTULO
Título Historia del Reino de Asturias
Resto del título : (718-910) /
Mención de responsabilidad, etc. Paulino García Toraño.
260 ## - PUBLICACIÓN, DISTRIBUCIÓN, ETC.
Lugar de publicación, distribución, etc. [S.l. :
Nombre del editor, distribuidor, etc. s.n.,
Fecha de publicación, distribución, etc. 1986] (
Lugar de fabricación/manufactura Oviedo :
Fabricante Gráf. Summa)
300 ## - DESCRIPCIÓN FÍSICA
Extensión XV, 439 p., 8 h. de lám. ;
Dimensiones 22 cm.
500 ## - NOTA GENERAL
Nota general Ded. autógr. del autor.
852 ## - LOCALIZACIÓN
Ubicación ES-MaACL
Número de control de estantería G-1579
Sublocalización o colección R.113391
Holdings
Estatus retirado Estado de pérdida Estado de daño No para préstamo Biblioteca de origen Biblioteca actual Ubicación en estantería Fecha de adquisición Fuente de adquisición Total de préstamos Signatura topográfica completa Código de barras Visto por última vez Precio de reemplazo Tipo de ítem Koha
        Biblioteca del Ateneo de Madrid Biblioteca del Ateneo de Madrid Depósito 2 17/01/2008     G-1579 1073769 23/02/2023 23/02/2023 Libro impreso